000 00814nam a2200265 a 4500
001 000047968
005 20240506193024.0
008 181008s1999 dr r 000 0 spa d
020 _a8484002233
040 _aDO-SdBNP
_bspa
_cBNPHU
082 _a613.2
_bC117n
100 1 _aCabrera, Clara
_9359
245 1 0 _aNutrición para una larga vida /
_cClara Cabrera ; prólogo Rosy Pereyra Ariza.
250 _a2a ed.
260 _aSanto Domingo :
_bTaller,
_c1999.
300 _a285 p. ;
_c21 cm.
500 _aIncluye índice
504 _aBibliografía : p 272-276
590 _aInventariado, 2018/BT
650 0 _aNutrición
_912779
650 4 _aDietética
_921810
650 4 _aConsejería en nutrición
_921811
650 4 _aHábitos alimenticios
_920094
700 1 _aPereyra Ariza, Rosy,
_epról.
_921812
999 _c47456
_d47456